000 00760nab a2200241 u 4500
001 16389
003 HDC
007 cr bn ---aaaaa
008 210220c20100209xx dr|noo 0 a eng d
040 _aHDC
245 0 _aInt'l Halal Food Exhibition in Tehran
260 _a[No place] :
_b[publisher not identified],
_c2010
336 _atext
_2rdacontent
337 _acomputer
_2rdamedia
338 _aonline resource
_2rdacarrier
650 _aHalal food
_950
650 _aHalal products
_9642
710 _aThe news
856 _zRequest full-text at [email protected]
942 _2lcc
942 _cNEWS
942 _kNWSO 005703
999 _c13705
_d13705